Loading...
| Literature - World | 0 | 5 | 0 | 1 | 50 | 83 | 119.00 | 0 | 0 | 6.51 | 18.56 |
| Literature - American | 0 | 5 | 1 | 0 | 45 | 106 | 122.40 | 0 | 0 | 5.89 | 17.76 |
| Literature - British | 0 | 4 | 0 | 0 | 40 | 103 | 124.00 | 0 | 1 | 5.47 | 16.72 |
| Philosophy | 0 | 3 | 0 | 0 | 30 | 80 | 102.33 | 0 | 0 | 4.03 | 10.75 |
| Science - Other | 0 | 2 | 0 | 0 | 20 | 115 | 123.50 | 0 | 0 | 1.96 | 5.68 |
| Social Science | 0 | 1 | 0 | 0 | 10 | 118 | 118.00 | 0 | 0 | 0.53 | 3.65 |
| Literature - European | 0 | 1 | 0 | 0 | 10 | 97 | 97.00 | 1 | 1 | 2.21 | 5.99 |
| Religion | 0 | 1 | 0 | 1 | 10 | 138 | 138.00 | 0 | 0 | 0.00 | 0.31 |
| History - American | 0 | 1 | 0 | 0 | 10 | 133 | 133.00 | 0 | 0 | 0.14 | 0.85 |
| History - World | 0 | 1 | 1 | 1 | 5 | 126 | 126.00 | 0 | 0 | 0.05 | 2.19 |